Olympischer Medaillenspiegel - Judo - Statistiken

Allgemein
  • Dieses Quiz wurde 53 mal gespielt
  • Das Durchschnittsergebnis liegt bei 10 aus 15
Antwortstatistiken
Gesamt Gold Silber Bronze Land % Korrekt
96 48 21 27 Japan
100%
21 3 3 15 Deutschland
96%
57 16 13 28 Frankreich
96%
14 2 4 8 Vereinigte Staaten
90%
22 8 3 11 China
85%
16 5 4 7 Russland
85%
17 4 4 9 Italien
83%
46 11 17 18 Südkorea
83%
24 4 3 17 Brasilien
71%
24 4 2 18 Niederlande
56%
12 4 5 3 Georgien
52%
13 2 1 10 Belgien
38%
20 0 8 12 Großbritannien
38%
23 5 5 13 Sowjetunion
35%
37 6 15 16 Kuba
17%
Keine übereinstimmenden Quizze gefunden
Verteilung der Resultate
Anzahl Personen mit jedem Resultat
Perzentil nach korrekt beantworteten Fragen
Ihre Resultats-Entwicklung
Sie haben dieses Quiz noch nicht gespielt